LEADER 00785naa a2200217 u 4500 001 000000093375 003 CaOOAMICUS 005 20070226130133.0 008 010703m19361937fr u000 u fre u 035 $a10895273 040 $aPUL(R)$bita 100 1 $aAgo, Roberto.$0(OLS)http://pul/name/29672 245 10$aRègles générales des conflits de lois /$cpar Roberto Ago. 260 $a[S. l. :$bs. n.],$c1935-1936. 300 $aP. [243-469] 504 $aBibliografia in nota. 650 4$aDiritto internazionale.$0(OLS)http://pul/subject/2505 773 0 $tRecueil des cours$gv.IV (1936) 773 0 $tRecueil des cours 1936$w()59608 996 $6245$aRègles générales des conflits de lois$9(OLS)http://pul/title/120244 996 $6260$a[S. l. :$bs. n.]$9(OLS)http://pul/publisher/47882 LEADER 01025naa a2200229 u 4500 001 000000096731 003 CaOOAMICUS 005 20070226130147.0 008 041210s1981 it u000 u fre u 020 $a2728300267 035 $a11018642 040 $aIAR$bita 100 1 $aArrighi, Jean-François,$cvesc. tit. di Vico Equense,$d1918-$0(OLS)http://pul/name/61585 245 10$aDes confréries françaises aux Pieux Étabissements /$cJean-François Arrighi. 260 $aRome :$bAcadémie de France :$bEcole française de Rome,$c1981. 300 $aS. 1-10 ;$c25 cm 773 0 $aLes fondations nationales dans la Rome pontificale. 773 0 $tCollection de l'Ecole française de Rome$g52 773 0 $tLes Fondations nationales dans la Rome pontificale$w()907 996 $6020$a2728300267$9(OLS)http://pul/number/1218 996 $6245$aDes confréries françaises aux Pieux Étabissements$9(OLS)http://pul/title/123613 996 $6260$aRome :$bAcadémie de France :$bEcole française de Rome$9(OLS)http://pul/publisher/48415